00408nam a2200133 a 450000500170000000800410001702000180005805000220007610000180009824500610011626000630017730000220024065000120026220140412111242.0010725s19uu xx 00 eng d a1-85724-835-X aTR(PS EbAn5 1991 aMarks, Burton aAnimals /cby Burton Marks ; illustrated by Paul Harvey. aNorth Parade, Bath :bJoshua Morris Publishing Inc,c1991. a1v. (unp.) ; ill. aAnimals